Devine la Cover #2 - Statistiques

Statistiques générales
  • Ce quiz a été pris 289 fois
  • Le résultat moyen est 12 sur 16
Statistiques - réponses
Par images Réponse % Correct
Lomepal
95%
Zola
92%
Gazo
89%
Nekfeu
89%
The Beatles
83%
Beyonce
82%
Nepal
82%
The Weeknd
76%
Jok'air
75%
XXXTENTACION
75%
Josman
74%
Werenoi
63%
Eminem
57%
Tayc
53%
SZA
45%
Post Malone
26%
Aucun quiz correspondant
Distribution des résultats
% des personnes avec chaque résultat
Percentile par nombre de réponses
Votre historique - résultats
Vous n’avez pas pris ce quiz